000 02089nam a22003377a 4500
005 20240530110357.0
008 150111s2009 ua o f 000 0 ara d
017 _a2009/3221
_bمصر . دار الكتب المصرية
020 _a9775130557
040 _aEG-CaGPL
041 0 _aara
082 0 4 _221
_a932
_bق/ب س
100 1 _aبرستد ، جيمس هنرى
245 1 0 _aسجلات تاريخية من مصر القديمة /
_cترجمة من اللغة المصرية القديمة جيمس هنرى برستد ؛ ترجمها الى العربية احمد محمود ، عثمان مصطفى عثمان ؛ راجعها و علق على صدرها جاب الله على جاب الله
_nالمجلد الاول :
_pمن الاسرة الاولى الى الاسرة السابعة عشرة
_nالمجلد الثانى :
_p الاسرة الثامنة عشرة
_nالمجلد الثالث:
_p الاسرة التاسعة عشرة
_nالمجلد الرابع :
_pالاسرات من العشرين الى السادسة والعشرين
250 _aط1
260 _aالقاهرة :
_bسنابل للكتاب ،
_c2009
300 _a5 مج :
_bصور ؛
_c19 سم
650 0 4 _aالحضارة الفرعونية
650 0 4 _aمصر القديمة
_xتاريخ
650 0 4 _aمصر القديمة
_xتاريخ
_yعصر الاسرة السابعة عشر
650 0 4 _aمصر القديمة
_xتاريخ
_yعصر الاسرة الثامنة عشر
650 0 4 _aمصر القديمة
_xتاريخ
_yعصر الاسرة التاسعة عشر
650 0 4 _aمصر القديمة
_xتاريخ
_yعصر الاسرة العشرين
650 0 4 _aمصر القديمة
_xتاريخ
_yعصر الاسرة السادسة و العشرين
650 0 4 _aمصر القديمة
_xتاريخ
_yعصر الاسرة الاولى
700 0 _aاحمد محمود
_eمترجم
700 0 _aعثمان مصطفى عثمان
_eمترجم مساعد
700 0 _aجاب الله على جاب الله
_eمراجع
942 _2ddc
_cBK
999 _c60181
_d60181